Introducción a la sociología /

Detalles Bibliográficos
Autor principal: Menzel, Adolfo
Formato: Libro
Publicado: México : Fondo de cultura económica, 1940.
Materias:
Etiquetas: Agregar Etiqueta
Sin Etiquetas, Sea el primero en etiquetar este registro!

MARC

LEADER 00000nam a22000004a 4500
001 AR-BbUGT1347
003 AR-BbUGT
005 20181220001536.0
007 ta
008 061101t1940 ||| |0|||0| d
040 |a AR-BbUGT  |b spa  |c AR-BbUGT 
082 0 4 |a 301.02 
100 1 |a Menzel, Adolfo. 
245 1 0 |a Introducción a la sociología /   |c Adolfo Menzel. 
260 |a México :   |b Fondo de cultura económica,   |c 1940. 
300 |a 287 p. 
653 |a Sociología 
942 |c BK  |h 301.02  |i M529  |m D  |2 ddc  |6 301_020000000000000_M529 
999 |c 9175  |d 9175